000 00291nam a22001337a 4500
003 SGT
082 _a615
_bP15N
100 _aNAJMI, AHMAD
245 _aPHARMACOLOGY EASY CONCISE GOALORIENTED
260 _aDELHI
_bPARAS PUB
_c2015
300 _a256
650 _aPHARMACOLOGY
942 _2ddc
_cBK
999 _c8509
_d8509